L'amante /

Na minha lista:
Detalhes bibliográficos
Autor principal: Duras, Marguerite (Author)
Formato: Livro
Idioma:Língua italiana
Publicado em: Milano : Feltrinelli, 1994
Edição:11. ed
Colecção:Universale economica ; 1031
Tags: Adicionar Tag
Sem tags, seja o primeiro a adicionar uma tag!

MARC

LEADER 00000nam a22000007i 4500
001 IT\ICCU\RMS\0157982
003 ItRI
005 20260306172556.0
008 020730s1994 it |||||| ||||| |||||c
020 |a 880781031X 
040 |b ita  |c NP 
041 7 |a ita  |2 ISO-639-2 
100 1 |a Duras, Marguerite  |0 IT\ICCU\CFIV\016886  |4 aut 
240 1 2 |a L'Amant  |9 Duras, Marguerite 
245 1 2 |a L'amante /  |c Marguerite Duras. 
250 |a 11. ed 
260 |a Milano :  |b Feltrinelli,  |c 1994 
300 |a 123 p. ;  |c 20 cm. 
830 0 |a Universale economica ;  |v 1031  |0 IT\ICCU\CFI\0001103 
942 |2 ddc  |c BK 
952 |0 0  |1 0  |2 ddc  |4 0  |6 843_914000000000000_DUR_AMA  |7 0  |9 33247  |a RO  |b RO  |d 2026-03-06  |l 0  |o 843.914 DUR AMA  |p 11775  |r 2026-03-06 17:27:53  |w 2026-03-06  |y BK 
981 1 |6 z01  |a i   |b xxxe  
982 1 |6 z01  |a n 
999 |c 28872  |d 28872